000 00499nam a2200181Ia 4500
001 23256
005 20260414150925.0
008 260414t2014||||xx |||||||||||||| ||spa||
041 _aESP
082 _a627.8
_bV935
100 _aVelásquez Bejarano, Teresa Olinda
_eAUT
245 0 _aDiseño de presas de tierra y enrocado en el Perú :
_bhistoria, perspectiva y tendencias
260 _c2014
300 _a198 páginas :
_c24 cm.
650 _a0
654 _aCIC
942 _cLIB
_dJUS
_fJUS
_2ddc
_n
999 _c23256
_d23256